America's Atlantic isles / (Record no. 40)

MARC details
000 -LEADER
fixed length control field 01214cam a2200349 a 4500
005 - DATE AND TIME OF LATEST TRANSACTION
control field 20260322212004.0
008 - FIXED-LENGTH DATA ELEMENTS--GENERAL INFORMATION
fixed length control field data
010 ## - LIBRARY OF CONGRESS CONTROL NUMBER
LC control number 80007828
020 ## - INTERNATIONAL STANDARD BOOK NUMBER
International Standard Book Number 087044364X :
Terms of availability {dollar}6.95
020 ## - INTERNATIONAL STANDARD BOOK NUMBER
International Standard Book Number 0870443690 (lib. bdg.) :
Terms of availability {dollar}8.50
020 ## - INTERNATIONAL STANDARD BOOK NUMBER
International Standard Book Number 9780870443640 :
Terms of availability {dollar}6.95
020 ## - INTERNATIONAL STANDARD BOOK NUMBER
International Standard Book Number 9780870443695 (lib. bdg.) :
Terms of availability {dollar}8.50
040 ## - CATALOGING SOURCE
Original cataloging agency DLC
Transcribing agency DLC
Modifying agency DLC
043 ## - GEOGRAPHIC AREA CODE
Geographic area code l------
-- n-us---
-- l------
050 00 - LIBRARY OF CONGRESS CALL NUMBER
Classification number F106
Item number .M85
082 00 - DEWEY DECIMAL CLASSIFICATION NUMBER
Classification number 975/.00942
Edition information 19
092 ## - LOCALLY ASSIGNED DEWEY CALL NUMBER (OCLC)
Classification number 975 M85 1981
001 - CONTROL NUMBER
control field data
100 1# - MAIN ENTRY--PERSONAL NAME
Personal name Morrison, H. Robert.
245 10 - TITLE STATEMENT
Title America's Atlantic isles /
Statement of responsibility, etc. H. Robert Morrison, Christine Eckstrom Lee & National Geographic Society (U.S.).
260 ## - PUBLICATION, DISTRIBUTION, ETC.
Place of publication, distribution, etc. Washington, D.C. :
Name of publisher, distributor, etc. The Society,
Date of publication, distribution, etc. c1981.
300 ## - PHYSICAL DESCRIPTION
Extent 199 p. :
Other physical details col. ill. ;
Dimensions 26 cm.
500 ## - GENERAL NOTE
General note Includes index.
504 ## - BIBLIOGRAPHY, ETC. NOTE
Bibliography, etc. note Bibliography: p. 199.
600 10 - SUBJECT ADDED ENTRY--PERSONAL NAME
Personal name Morrison, H. Robert.
650 #0 - SUBJECT ADDED ENTRY--TOPICAL TERM
Topical term or geographic name entry element Islands
Geographic subdivision Atlantic Coast (U.S.)
650 #0 - SUBJECT ADDED ENTRY--TOPICAL TERM
Topical term or geographic name entry element Islands
Geographic subdivision Maritime Provinces.
651 #0 - SUBJECT ADDED ENTRY--GEOGRAPHIC NAME
Geographic name Atlantic Coast (U.S.)
General subdivision Description and travel.
651 #0 - SUBJECT ADDED ENTRY--GEOGRAPHIC NAME
Geographic name Maritime Provinces
General subdivision Description and travel.
700 1# - ADDED ENTRY--PERSONAL NAME
Personal name Lee, Christine Eckstrom.
710 2# - ADDED ENTRY--CORPORATE NAME
Corporate name or jurisdiction name as entry element National Geographic Society (U.S.).
Subordinate unit Special Publications Division.
Holdings
Withdrawn status Lost status Damaged status Not for loan Home library Current library Shelving location Date acquired Total checkouts Full call number Barcode Date last seen Price effective from Koha item type
        Centerville Centerville General stacks 22/03/2026   975/.00942 19 BC0010040 22/03/2026 22/03/2026 Books